Entreprenourship (Record no. 2398)

MARC details
000 -LEADER
fixed length control field 00410nam a22001697a 4500
005 - DATE AND TIME OF LATEST TRANSACTION
control field 20180703123504.0
008 - FIXED-LENGTH DATA ELEMENTS--GENERAL INFORMATION
fixed length control field 160611b xxu||||| |||| 00| 0 eng d
020 ## - INTERNATIONAL STANDARD BOOK NUMBER
ISBN 978-0-07-062017-9
041 ## - LANGUAGE CODE
Language code of text/sound track or separate title eng
082 ## - DEWEY DECIMAL CLASSIFICATION NUMBER
Item number 6884
Classification number 658.11
100 ## - MAIN ENTRY--AUTHOR NAME
Personal name Hisrich, Robert D & Others
245 ## - TITLE STATEMENT
Title Entreprenourship
260 ## - PUBLICATION, DISTRIBUTION, ETC. (IMPRINT)
Place of publication New Delhi
Name of publisher Tata Mc G.
300 ## - PHYSICAL DESCRIPTION
Number of Pages 579
650 ## - SUBJECT ADDED ENTRY--TOPICAL TERM
Topical Term Management
942 ## - ADDED ENTRY ELEMENTS (KOHA)
Koha item type Books
Holdings
Lost status Damaged status Collection code Home library Current library Shelving location Date acquired Full call number Accession Number Koha item type
    MANAGEMENT JRU Library JRU Library SHELF-70 E 11/06/2016 658.11 6884 Books
    MANAGEMENT JRU Library JRU Library SHELF-70 E 11/06/2016 658.11 6885 Books
    MANAGEMENT JRU Library JRU Library SHELF-70 E 11/06/2016 658.11 6886 Books
      JRU Library   SHELF-17-G 11/06/2016 658.11 6887 Books
    MANAGEMENT JRU Library JRU Library SHELF-70 E 11/06/2016 658.11 6888 Books
    MANAGEMENT JRU Library JRU Library SHELF-70 E 11/06/2016 658.11 6889 Books
      JRU Library   SHELF-30-E 11/06/2016 658.11 6890 Books
    MANAGEMENT JRU Library JRU Library SHELF-70 E 11/06/2016 658.11 6891 Books
      JRU Library   SHELF-17-G 11/06/2016 658.11 6892 Books
    MANAGEMENT JRU Library JRU Library SHELF-70 E 11/06/2016 658.11 6893 Books